Helena (Record no. 141232)

MARC details
000 -LÍDER
campo de controle de tamanho fixo 00489 a2200193 4500
001 - NÚMERO DE CONTROLE
campo de controle 141232
040 ## - FONTE DA CATALOGAÇÃO
Instituição que transcreveu o registro Leonardo Da Vinci
041 ## - CÓDIGO DE IDIOMA
Código do idioma do texto/trilha sonora ou título diferente Português
082 ## - CDD - CLASSIFICAÇÃO DECIMAL DE DEWEY
Número de Classificação 869.93 A866hc
Número do exemplar A866hc
100 ## - ENTRADA PRINCIPAL--NOME PESSOAL
Nome pessoal ASSIS, Machado de
245 ## - TÍTULO
Título Helena
Restante do título o Alienista
260 ## - PUBLICAÇÃO, DISTRIBUIÇÃO, ETC.
Nome do editor, distribuidor, etc. Edições de ouro
Data da publicação, distribuição, etc. 1972
Local de publicação, distribuição, etc. São Paulo
300 ## - DESCRIÇÃO FÍSICA
Extensão 247
362 ## - DATAS DE PUBLICAÇÃO E/OU DESIGNAÇÃO SEQUENCIAL
Datas de publicação e/ou designação sequencial 19720000
490 ## - TÍTULO DA SÉRIE
Título da série Obras imortais da nossa literatura
500 ## - NOTA GERAL
Nota geral Textos integrais
697 ## - ENTRADA DE ASSUNTO LOCAL--ENTIDADE COLETIVA (RLIN)
Nome corporativo ou nome da jurisdição Literatura
-- Romance
-- Brasil
942 ## - ELEMENTOS DE ENTRADA ADICIONADOS (KOHA)
Tipo de material Koha Livros
Holdings
Situação do descarte Situação das perdas Situação física Não pode ser emprestado Biblioteca de origem Biblioteca atual Data de aquisição Total de empréstimos Número de chamada completo Código de barras Data de último acesso Data do preço efetivo Tipo de material Koha
        Leonardo Da Vinci - Osasco Leonardo Da Vinci - Osasco 27/03/2024   869.93 A866hc O005002 27/03/2024 27/03/2024 Livros